| 000 | 01522nam a2200241Ia 4500 | ||
|---|---|---|---|
| 003 | Ost | ||
| 005 | 20260507075251.0 | ||
| 008 | 260507s9999||||xx |||||||||||||| ||und|| | ||
| 020 | _a7989957123642 | ||
| 040 | _cfsecg | ||
| 041 | _aara | ||
| 082 | _a330 | ||
| 100 |
_aشلابي، زهير بوجمعة _eمؤلف |
||
| 245 | 0 |
_aالصراع التنظيمي و ادارة المنظمة / _c زهير بوجمعة شلابي |
|
| 260 |
_aعمان: _bدار اليازوري, _c2011 |
||
| 300 |
_a160 صفحة؛ _bإيضاحات ؛ _c24 سم |
||
| 504 | _aمراجع ص.147 ؛ قائمة الهوامش ص.141 | ||
| 520 | _aتعريف المنظمة و الخصائص العامةلها ، أنواع المنظمات أنماطها ، سماتها و مكوناتها و ظائفها و العلاقة بين علم المنظمة و العلوم الاخرى ، ماهية الادارة و تعريفها مكوناتها أهميتها ووظائها ، تفاعل العملية الادارية و تطور البحوث الادارية ، أنواع الادارة ، مفهوم الصراع التنظيمي خصائصه مستوياته أنواعه و نماذجه ، تطور نظرية الصراع التنظيمي أسبابه و مراحله ، آثاره و المنهج الاسلامي في ادارة الصراع ، أساليب التعامل مع الصراع التنظيمي . | ||
| 653 | _aالإدارة | ||
| 653 | _aالتنظيم | ||
| 653 | _aالمنظمات | ||
| 942 | _cكتاب | ||
| 999 |
_c43697 _d43697 |
||